000 01450nam a2200313 a 4500
001 BRCA_5142
005 20190320204946.0
008 221110s1823----mx-######v---#000-0#spa-#
041 _aspa
044 _amx
084 _aDOC133
_b.M65
_c1823
100 1 _aMolinos del Campo, Francisco
_913135
245 1 0 _aDocumento firmado por Don Francisco Molinos del Campo
_cFrancisco Molinos del Campo ; Gaspar José Ortega.
260 _aMéxico
_c1823
300 _a[1] foja
_c32 x 22 cm.
500 _aDocumento firmado el 19 de noviembre de 1823.
500 _aDocumento que consta de una acta de filiación de ingreso al ejercito del C. Gaspar José Ortega, de oficio vinatero, firmada por el Jefe Superior Político.
500 _aAl margen sello con escudo nacional mexicano y lema: ´PROVINCIA DE MEXICO. MILICIA CIVICA DE INFANTERIA´.
500 _aEl documento contiene la leyenda DOC. #301.
500 _aEstado de conservación: contiene los márgenes maltratados.
506 0 _aFondo Reservado. Para su consulta es necesario credencial de usuario y carta de motivos.
546 _aTexto en: español de principios del siglo XIX.
600 1 4 _aMolinos del Campo, Francisco
_xHistoria
_913136
650 1 4 _aReclutamiento y alistamiento
_vManuscritos
_xHistoria
_913137
651 4 _aMéxico
_xHistoria
_yPrimeros gobiernos independientes, 1821-1824
_913138
700 1 _aOrtega, Gaspar José
_913139
902 _aFDH
942 _2lcc
_cD
999 _c4836
_d4836